<?xml version="1.0" encoding="UTF-8"?>
<record
    xmlns:xsi="http://www.w3.org/2001/XMLSchema-instance"
    xsi:schemaLocation="http://www.loc.gov/MARC21/slim http://www.loc.gov/standards/marcxml/schema/MARC21slim.xsd"
    xmlns="http://www.loc.gov/MARC21/slim">

  <leader>01415cam a22003018i 4500</leader>
  <controlfield tag="001">18075074</controlfield>
  <controlfield tag="005">20260306131942.0</controlfield>
  <controlfield tag="008">140320s2014    nyu           001 0 eng  </controlfield>
  <datafield tag="010" ind1=" " ind2=" ">
    <subfield code="a">  2014009276</subfield>
  </datafield>
  <datafield tag="020" ind1=" " ind2=" ">
    <subfield code="a">9780273746324 (print)</subfield>
  </datafield>
  <datafield tag="020" ind1=" " ind2=" ">
    <subfield code="z">9780273780076 (PDF)</subfield>
  </datafield>
  <datafield tag="020" ind1=" " ind2=" ">
    <subfield code="z">9780273781318 (eText)</subfield>
  </datafield>
  <datafield tag="040" ind1=" " ind2=" ">
    <subfield code="a">DLC</subfield>
    <subfield code="b">eng</subfield>
    <subfield code="c">DLC</subfield>
    <subfield code="e">rda</subfield>
  </datafield>
  <datafield tag="042" ind1=" " ind2=" ">
    <subfield code="a">pcc</subfield>
  </datafield>
  <datafield tag="050" ind1="0" ind2="0">
    <subfield code="a">HD31</subfield>
    <subfield code="b">.S3623 2014</subfield>
  </datafield>
  <datafield tag="100" ind1=" " ind2=" ">
    <subfield code="a">Schneider, Susan C.</subfield>
    <subfield code="9">21322</subfield>
  </datafield>
  <datafield tag="245" ind1="1" ind2="0">
    <subfield code="a">Managing across cultures </subfield>
    <subfield code="c">/ Susan C. Schneider, Jean-Louis Barsoux.</subfield>
  </datafield>
  <datafield tag="250" ind1=" " ind2=" ">
    <subfield code="a">Third edition.</subfield>
  </datafield>
  <datafield tag="264" ind1=" " ind2="1">
    <subfield code="a">New York :</subfield>
    <subfield code="b">Pearson,</subfield>
    <subfield code="c">2014.</subfield>
  </datafield>
  <datafield tag="500" ind1=" " ind2=" ">
    <subfield code="a">Includes index.</subfield>
  </datafield>
  <datafield tag="505" ind1="0" ind2=" ">
    <subfield code="a">The meaning of culture &#x2014; The undertow of culture &#x2014; Discovering culture &#x2014; Interacting spheres of culture &#x2014; Culture and management practice &#x2014; Culture and organisation &#x2014; Culture and strategy &#x2014; Culture and human resource management &#x2014; Managing cultural differences &#x2014; The "international" manager &#x2014; The "multicultural" team &#x2014; The "global" organisation &#x2014; Citizens of the world : on the road to responsible leadership &#x2014; Index.</subfield>
  </datafield>
  <datafield tag="650" ind1=" " ind2="0">
    <subfield code="a">International business enterprises</subfield>
    <subfield code="x">Management</subfield>
    <subfield code="x">Social aspects.</subfield>
    <subfield code="9">7247</subfield>
  </datafield>
  <datafield tag="650" ind1=" " ind2="0">
    <subfield code="a">Intercultural communication</subfield>
    <subfield code="9">332</subfield>
  </datafield>
  <datafield tag="700" ind1=" " ind2=" ">
    <subfield code="a">Barsoux, Jean-Louis</subfield>
    <subfield code="9">21321</subfield>
  </datafield>
  <datafield tag="700" ind1=" " ind2=" ">
    <subfield code="a">Stahl, G&#xFC;nter K.,</subfield>
    <subfield code="d">1966-</subfield>
  </datafield>
  <datafield tag="856" ind1=" " ind2=" ">
    <subfield code="u">https://research.ebsco.com/plink/7dca7b2e-dc65-3f49-8d10-fe04b918f8be</subfield>
    <subfield code="y">ebook </subfield>
  </datafield>
  <datafield tag="942" ind1=" " ind2=" ">
    <subfield code="2">ddc</subfield>
  </datafield>
  <datafield tag="952" ind1=" " ind2=" ">
    <subfield code="0">0</subfield>
    <subfield code="1">0</subfield>
    <subfield code="2">lcc</subfield>
    <subfield code="4">0</subfield>
    <subfield code="7">0</subfield>
    <subfield code="a">TBS</subfield>
    <subfield code="b">TBS</subfield>
    <subfield code="d">2025-06-02</subfield>
    <subfield code="l">0</subfield>
    <subfield code="r">2025-06-02</subfield>
    <subfield code="t">1</subfield>
    <subfield code="u">https://research-ebsco-com.hub.tbs-education.fr/plink/3fe9a2d2-6c17-3893-a5ae-ef94dff4cbe2</subfield>
    <subfield code="w">2025-06-02</subfield>
    <subfield code="y">EBOOK</subfield>
    <subfield code="z">Third edition</subfield>
  </datafield>
  <datafield tag="999" ind1=" " ind2=" ">
    <subfield code="c">4709</subfield>
    <subfield code="d">4709</subfield>
  </datafield>
</record>
